Les ministres de la Défense de la Ve République - Statistiques

Statistiques générales
  • Ce quiz a été pris 101 fois
  • Le résultat moyen est 10 sur 26
Statistiques - réponses
Intitulé du Ministère Début de fonction Fin de fonction Ministre % Correct
Ministre de la Défense 16 mai 2012 17 mai 2017 Jean-Yves Le Drian
85%
Ministre des Armées 21 juin 2017 20 mai 2022 Florence Parly
81%
Ministre de la Défense et des Anciens Combattants 6 mai 2002 17 juin 2002 Michèle Alliot-Marie
73%
Ministre de la Défense 17 juin 2002 15 mai 2007 Michèle Alliot-Marie
73%
Ministre des Armées 20 mai 2022 En cours Sébastien Lecornu
71%
Ministre de la Défense 12 mai 1988 29 janvier 1991 Jean-Pierre Chevènement
58%
Ministre d'État, ministre de la Défense et des Anciens Combattants 13 novembre 2010 27 février 2011 Alain Juppé
56%
Ministre d'État, chargé de la Défense nationale 20 juin 1969 28 mars 1973 Michel Debré
54%
Ministre de la Défense 29 janvier 1991 9 mars 1993 Pierre Joxe
54%
Ministre des Armées 17 mai 2017 21 juin 2017 Sylvie Goulard
49%
Ministre de la Défense 15 mai 2007 13 novembre 2010 Hervé Morin
46%
Ministre de la Défense 22 mai 1981 20 septembre 1985 Charles Hernu
42%
Ministre des Armées 5 février 1960 20 juin 1969 Pierre Messmer
41%
Ministre de la Défense et des Anciens Combattants 27 février 2011 16 mai 2012 Gérard Longuet
37%
Ministre d'État, ministre de la Défense 29 mars 1993 11 mai 1995 François Léotard
34%
Ministre de la Défense 2 juin 1997 6 mai 2002 Alain Richard
32%
Ministre de la Défense 20 septembre 1985 20 mars 1986 Paul Quilès
27%
Ministre de la Défense 9 mars 1993 29 mars 1993 Pierre Bérégovoy
27%
Ministre de la Défense 20 mars 1986 12 mai 1988 André Giraud
22%
Ministre de la Défense 11 mai 1995 2 juin 1997 Charles Millon
20%
Ministre des Armées 28 mars 1973 27 mai 1974 Robert Galley
10%
Ministre de la Défense et de la Coopération 14 décembre 1980 22 mai 1981 Robert Galley
10%
Ministre de la Défense 2 octobre 1980 14 décembre 1980 Joël Le Theule
8%
Ministre de la Défense 31 janvier 1975 2 octobre 1980 Yvon Bourges
8%
Ministre de la Défense 27 mai 1974 31 janvier 1975 Jacques Soufflet
7%
Ministre des Armées 8 janvier 1959 5 février 1960 Pierre Guillaumat
7%
Aucun quiz correspondant
Distribution des résultats
% des personnes avec chaque résultat
Percentile par nombre de réponses
Votre historique - résultats
Vous n’avez pas pris ce quiz